000 02083aam a2200325 i 4500
001 768714001
003 CO-MdFUSB
005 20220204162132.0
007 ta
008 220204t1945 -us |||| |||| 00| 0 eng d
020 _a[No incluye ISBN]
040 _bspa.
_aCO-MdFUSB
_cCO-MdFUSB
_dCO-MdFUSBC
_erda
041 _aeng
082 0 4 _a250.5
_223
_bB6325p
100 1 _aBlackwood, Andrew Watterson (1882-)
_eautor
245 1 0 _aPastoral Work :
_ba source book for ministers
_c/ Andrew Watterson Blackwood
264 1 _aEstados Unidos :
_bThe Westminster Press,
_c[1945]
264 4 _c© 1945
300 _a252 páginas
_c; 21 cm
336 _atexto
_btxt
_2rdacontent
337 _2rdamedia
_asin mediación
_bn
338 _2rdacarrier
_avolumen
_bnc
505 _tParte uno. Formas básicas de la pastoral:
_aEl redescubrimiento de la necesidad -- El ministro después de la guerra -- Las dificultades del trabajo -- Los primeros días en un campo nuevo -- La elaboración de un plan general -- El lugar de la esposa de un pastor -- El llamado en un hogar típico -- La sabiduría de ofrecer oración -- La lectura de la Biblia -- El arte de ganar niños -- Las formas de atraer a los hombres -- Los reclamos de la habitación del enfermo -- La difícil situación de los amigos encerrados -- El ministerio a los afligidos -- El hábito de llevar registros.
505 _tParte 2: Otros tipos de trabajo pastoral:
_aLa utilidad de una bolsa de equipo -- La ayuda de un cartero -- La bendición de una nueva casa -- La preocupación por los recién llegados -- Las aperturas para el evangelismo -- El trato de casos especiales -- El manejo de los problemas morales -- La actitud ante los enredos sexuales -- El valor de una "hora de pastor" -- El servidor de la comunidad --El trabajo de un asalariado asistente. -- El reclutamiento de visitantes laicos -- El aumento de la asistencia a la iglesia -- Las recompensas del trabajo pastoral.
563 _aRústico
650 7 _aTeología pastoral
_9227
942 _cBK
945 _aJTF-925
999 _c36363
_d36363